| 000 | 02214nam a2200289Ia 4500 | ||
|---|---|---|---|
| 008 | 130821s xx gr spa | ||
| 040 |
_aCo-BoUCM _bspa _cSandra Yazo (modificó) _dSandra Yazo (modificó) |
||
| 041 | 0 | _alat | |
| 092 | _aE14N072 | ||
| 100 | 1 |
_aRodríguez De Vega,Tomás _d(1513-1579) _936445 |
|
| 245 | 1 | 0 |
_aTomus Primus commentariorum in Claudii Galeni opera, medicorum principis: complectens interpretationem Artis Medicae & librorum sex De locis affectis. Commentarii in (...) libros duos De differentia febrium _cAuthore Thoma a Veiga eborensi |
| 246 | 1 | 3 | _a[Tomo primero de los comentarios a las obras de Claudio Galeno, príncipe de los médicos. Incluye una explicación del Arte médico, los seis libros sobre los lugares que pueden afectarse y los comentarios a los dos libros sobre la diferencias entr |
| 260 |
_a[Lugar desconocido] _b[Editorial desconocida] _c[fecha desconocida] |
||
| 300 | _a15 - 500, [2] páginas | ||
| 500 | _aDetalles físicos: Ejemplar en mal estado de conservación, actualmente descuadernado, con faltantes de hojas al inicio y final de la obra. Texto muy bien impreso y nítido, sobre papel de calidad; en una sola columna; márgenes amplios. Algunas not | ||
| 500 | _aEdición en línea coincide en varias de las páginas con la edición física. | ||
| 505 | 0 | _a1. Explicación y comentarios al "Arte médico" de Galeno: se conserva del capítulo 6 al capítulo 100. -- 2. Explicación y comentarios a los seis libros sobre los lugares afectados. Importancia de la anatomía. La acción que causa la herida. Qué le | |
| 506 | _aConsulta en sala. | ||
| 546 | _aTexto en latín. | ||
| 600 |
_aGaleno, Claudio _d130-201 _vComentarios _931793 |
||
| 650 |
_aMedicina antigua _xObras anteriores a 1600 _919130 |
||
| 650 |
_aMedicina griega y romana _xObras anteriores a 1600 _919161 |
||
| 650 |
_aMedicina _97820 |
||
| 856 | 4 |
_zDisponible en línea edición de 1587 _uhttp://books.google.com/books?id=4AYiOvxPAJIC&printsec=frontcover&dq=inauthor:%22Tomas+Rodrigues+da+Veiga%22&hl=es&ei=nMOpTsS1BMvAgQe-wZUZ&sa=X&oi=book_result&ct=result&resnum=2&ved=0CDYQ6AEwAQ#v=onepage&q&f= |
|
| 942 |
_cLIBRO _e1 _a15 _2DEWEY _h610 |
||
| 999 |
_c76347 _d76347 |
||